000 00362nam a2200145Ia 4500
008 231129s1993||||xx |||||||||||||| ||spa||
020 _a84-473-0036-6
040 _bspa
082 _aE863 D353m
100 _aDelibes Miguel
245 0 _aMadera de héroe
260 _c1993
264 _aRBA Editores
942 _2ddc
_cBKS
999 _c20213
_d20213